000 01160cam a22003254a 4500
001 75570
005 20230410123549.0
008 090715s2009 fr b 000 0 fre
010 _a 2009492785
035 _a(OCoLC)ocn428647798
040 _aDLC
_cDLC
_dTZT
_dAUXAM
_dCDX
020 _a9782296091160
020 _a2296091164
035 _a(OCoLC)428647798
050 1 4 _aKJE 5794
_bB284r 2009
082 0 0 _a342
100 1 _aBarthélémy, Claire.
245 1 3 _aLe régionalisme institutionnel en Europe :
_bdroit comparé en Belgique, Espagne, Italie, Royaume-Uni, France /
_cClaire Barthélémy.
260 _aParis :
_bL'Harmattan,
_c2009.
300 _a431 p. ;
_c24 cm.
440 0 _aLogiques juridiques
504 _aIncludes bibliographical references (p. 371-416).
650 0 _aLocal government
_xLaw and legislation
_zEuropean Union countries.
650 0 _aFederal government
_zEuropean Union countries..
653 _aEuropean Community
_aRegional Powers
_aDevolution
_aComparative Constitutional Law
938 _aCoutts Information Services
_bCOUT
_n11095641
_c38.50 EUR
942 _2lcc
_cbk
946 _accruz
994 _aC0
_bDRFGD
999 _c63974
_d63974